Evropský sociální model : brzda či nezbytná součást konkurenceschopnosti rozšířené EU ? = European social model : burden or essential component of competitiveness of expanded EU?/

Hlavní autor: Moravec, Martin
Další autoři: Mraček, Jan
Jazyk: Čeština
Angličtina
Vydáno: Praha : Euro-Czech Forum, 2004
Témata:
Fyzický popis: 83 stran ; 21 cm
Language note: Souběžný anglický text
Knihy
Uloženo v:
LEADER 01958nam a2200493 i 4500
001 001902496
003 CZ BrMZK
005 20240903114853.0
007 ta
008 240719s2004 xr e f 000 0 cze
020 |a 80-239-4341-3  |q (brožováno) 
040 |a BOA001  |e rda 
041 1 |a cze  |a eng  |h cze 
043 |a e------ 
072 7 |a 36  |x Zajištění duševních a materiálních potřeb  |2 Konspekt  |9 18 
080 |a 364-146.2  |2 MRF 
080 |a 338  |2 MRF 
080 |a 339.137.2  |2 MRF 
080 |a (4)  |2 MRF 
080 |a (036)  |2 MRF 
100 1 |a Moravec, Martin  |4 aut 
245 1 0 |a Evropský sociální model :  |b brzda či nezbytná součást konkurenceschopnosti rozšířené EU ? = European social model : burden or essential component of competitiveness of expanded EU?/  |c Martin Moravec, Jan Mraček 
246 3 1 |a European social model 
264 1 |a Praha :  |b Euro-Czech Forum,  |c 2004 
300 |a 83 stran ;  |c 21 cm 
336 |a text  |b txt  |2 rdacontent 
337 |a bez média  |b n  |2 rdamedia 
338 |a svazek  |b nc  |2 rdacarrier 
500 |a Druhý titul tištěn zvratmo včetně vlastní tiulní stránky 
504 |a Obsahuje bibliografie 
546 |a Souběžný anglický text 
650 0 7 |a sociální stát  |7 ph116213  |z země Evropské unie  |2 czenas 
650 0 7 |a ekonomická transformace  |7 ph114426  |z země Evropské unie  |2 czenas 
650 0 7 |a konkurenceschopnost  |7 ph121800  |z země Evropské unie  |2 czenas 
650 0 9 |a welfare state  |z European Union countries  |2 eczenas 
650 0 9 |a economic transformation  |z European Union countries  |2 eczenas 
650 0 9 |a competitiveness  |z European Union countries  |2 eczenas 
655 7 |a informační publikace  |7 fd132454  |2 czenas 
655 9 |a information publications  |2 eczenas 
700 1 |a Mraček, Jan  |4 aut 
910 |a BOA001  |b 2-1528.619 
990 |a BK 
991 |b 202409 
996 6 |b 2610975762  |c 2-1528.619  |l MZK  |r Sklad / do 1 hodiny  |n 0  |p dar  |w 001971706  |u 000010  |a 1  |e BOA001  |j MZK50  |s P